LEADER 02793nam 2200661 a 450 001 9910450297603321 005 20200520144314.0 010 $a0-7619-6515-7 010 $a1-280-37001-7 010 $a9786610370016 010 $a1-4129-3262-9 035 $a(CKB)1000000000031132 035 $a(EBL)254724 035 $a(OCoLC)171558084 035 $a(SSID)ssj0000264296 035 $a(PQKBManifestationID)11227574 035 $a(PQKBTitleCode)TC0000264296 035 $a(PQKBWorkID)10292218 035 $a(PQKB)10225108 035 $a(MiAaPQ)EBC254724 035 $a(OCoLC)1007859319 035 $a(StDuBDS)EDZ0000064198 035 $a(PPN)238401162 035 $a(Au-PeEL)EBL254724 035 $a(CaPaEBR)ebr10080919 035 $a(CaONFJC)MIL37001 035 $a(OCoLC)70774177 035 $a(EXLCZ)991000000000031132 100 $a20120327d2001 fy 0 101 0 $aeng 135 $aur|n|---||||| 181 $ctxt 182 $cc 183 $acr 200 10$aUnderstanding culture$b[electronic resource] $ecultural studies, order, ordering /$fGavin Kendall and Gary Wickham 210 $aLondon $cSAGE$dc2001 215 $a1 online resource (193 p.) 300 $aDescription based upon print version of record. 311 $a1-4462-1957-7 311 $a0-7619-6514-9 320 $aIncludes bibliographical references and index. 327 $aCovers; Contents; Acknowledgements; Introduction: Cultural Studies with Just a Hint of Foucault; Chapter 1 - Surveying the Field of Cultural Studies; Chapter 2 - The Notion of Ordering as an Organising Principle for Cultural Studies; Chapter 3 - Building a Method for Cultural Studies as the Study of Ordering; Chapter 4 - Ordering Through the Cluture of Government - a Colonial Example; Chapter 5 - Ordering Through the Culture of Law and Regulation; Chapter 6 - Ordering Through the Culture of Everyday Life; Chapter 7 - Ordering Through Routinisation - Technique, Technology and Self 327 $aConclusion: Reshaping Cultural StudiesReferences; Index 330 8 $aThis text offers an overview of the field of cultural studies whilst also proposing a different way of doing cultural studies. It focuses on the ways that cultural objects serve as a means of ordering people's lives and as markets of that ordering. 606 $aCulture$xPhilosophy 606 $aCulture$xStudy and teaching 608 $aElectronic books. 615 0$aCulture$xPhilosophy. 615 0$aCulture$xStudy and teaching. 676 $a306/.071 700 $aKendall$b Gavin$0571784 701 $aWickham$b Gary$f1951-$01048962 801 0$bStDuBDS 801 1$bStDuBDS 906 $aBOOK 912 $a9910450297603321 996 $aUnderstanding culture$92477609 997 $aUNINA LEADER 01020nam0-22003251i-450 001 990003331030403321 005 20230504090048.0 035 $a000333103 035 $aFED01000333103 035 $a(Aleph)000333103FED01 035 $a000333103 100 $a20001010d--------km-y0itay50------ba 101 0 $afre 102 $aFR 105 $ay-------001yy 200 1 $aChateaubriand et son groupe litteraire sous l'empire$fpar C.-A. Sainte-Beuve 205 $aNouvelle ed. revue, corrigee et augmentee de notes par l'auteur 210 $aParis$cGarnier Frères$ds.a. 215 $a2 v.$d19 cm 610 0 $aFrancia$aVita artistica e culturale$aSec. 18.- 19. 676 $a214 700 1$aSainte-Beuve,$bCharles Augustin de$f<1804-1869>$0166226 801 0$aIT$bUNINA$gRICA$2UNIMARC 901 $aBK 912 $a990003331030403321 952 $a214 SAI$bLINGUE 739 a-b$fDECLI 959 $aDECLI 996 $aChateaubriand et son groupe littèraire sous l'empire$9528862 997 $aUNINA DB $aING01